00241nam a2200097Ia 4500008004100000100001500041245004500056260001800101300000800119650001600127191201s2015 xx 000 0 und d aABEL,Peter 0aIBM PC Assembly Language and Programming bPearsonc2015 a545 aB.Tech(ECE)